| 000 | 00853cam a22002532 4500 | ||
|---|---|---|---|
| 001 | 0000004547 | ||
| 005 | 20151217145816.0 | ||
| 008 | 070524s xx 000 0 eng d | ||
| 020 | _a9966411194 : | ||
| 040 |
_aKABU _cKABU |
||
| 050 | 0 |
_aQH77 _b.A353S53 |
|
| 245 | 1 | 0 |
_aShared terrestrial ecosystems of East Africa : _btowards conviviality / _ceditors, Judi W. Wakhungu and George M. Sikoyo. |
| 260 |
_aNairobi : _bACTS, _c2003. |
||
| 300 | _axvi, 46 p. | ||
| 362 | 0 | _aNo. 1. | |
| 650 | 0 |
_aEco-systems management _zAfrica, East. _@0000155155 |
|
| 700 | 1 |
_aWakhungu, Judi W. _@0000155156 |
|
| 700 | 1 |
_aSikoyo, George M. _@0000155157 |
|
| 908 | _a070524 | ||
| 950 | _@1 | ||
| 999 |
_c2777 _d2777 |
||